000 00571nam a2200205Ia 4500
005 20250923145732.0
008 008 250917s9999 xx 000 0 eng d
037 _aTextual
040 _aDSWL
_beng
_cDSWL
041 _aeng
_2eng
084 _aY31:7:7.2Q72, N85
_qDSWL
100 _aRay, J.K.
_9838431
245 0 _aOrganising villager's for self reliance
_cby J.K. Ray
260 _aBangladesh
_b Comila
_c1983
300 _avii,124p.
365 _aINR
_b45
925 _g45
942 _cTEXL
_hY31:7:7.2Q72, N85
999 _c1455008
_d1455008